Datum a čas kvízu

23.5 Celkem bodů Celkový počet nahraných bodů na tomto kvízu bez doplňovacích otázek.
5. Pořadí na kvízu Konečné umístění týmu na tomto kvízu.

Zaznamenané odpovědi

# Otázka Odpověď Body Výsledky
1. Minulý týden se konala velmi k... zadek 1
2. Sarah Mullally stanula minulý... o anglikánskou církev 0
3. Minulý pátek vyšlo již 12. stu... The Life of a Showgirl 0
4. Minulý týden bylo oznámeno, že... Electronic Arts (EA) 0
5. Ve kterém městě se odehrál UFC... v Las Vegas 1
6. Wikipedii s nejvyšší pravděpod... z havajštiny 0
7. Fanoušci kvízu občas jistě se... A 0
8. Dobrým zdrojem informací jsou... Michal Suchánek, Richard Genzer 0
9. Mnemotechnické pomůcky se hodí... struny na kytaře (pořadí strun/tónů) 1
10. Někdy však k úspěchu v kvízu s... 1B 2C 3A 4D 1